| 000 | 01607nam a22004337a 4500 | ||
|---|---|---|---|
| 003 | CHAP | ||
| 005 | 20220817042202.0 | ||
| 008 | 971013s r 00010 d | ||
| 010 | _a37049 | ||
| 011 | _a38021 | ||
| 035 | _a42141 | ||
| 040 | _cCHAP | ||
| 082 |
_a338.17 _bF36 |
||
| 110 | _aFAO | ||
| 245 |
_aEstudio de los recursos agrícolas y forestales del noreste _b: Nicaragua, informe final |
||
| 260 |
_aRoma : _bFAO, _c19 - |
||
| 300 |
_a3 v. _b; apénd. ; ilus. ; mapas |
||
| 490 | _aFAO/SF: 49/NIC-2 | ||
| 590 |
_aBATCH-UPD _b10 _c20130110 _lUCH01 _h0010 |
||
| 590 |
_aBATCH-UPD _b10 _c20130110 _lUCH01 _h2122 |
||
| 590 |
_aBATCH-UPD _b10 _c20130409 _lUCH01 _h1947 |
||
| 590 |
_aBATCH-UPD _b10 _c20130410 _lUCH01 _h1431 |
||
| 590 |
_aBATCH-UPD _b10 _c20130914 _lUCH01 _h0712 |
||
| 590 |
_aCONVERSION _b10 _c20130109 _lUCH01 _h1321 |
||
| 650 | 1 | 4 |
_aAgricultura _xAspectos economicos _xNicaragua. _91276 |
| 650 | 1 | 4 |
_aBosques _xAspectos económicos _xNicaragua. _914079 |
| 650 | 1 | 4 |
_aPolítica agrícola _xNicaragua. _990340 |
| 650 | 1 | 4 |
_aPolítica forestal _xNicaragua. _990592 |
| 650 | 1 | 4 |
_aProductos forestales _xNicaragua. _992096 |
| 650 | 1 | 4 |
_aRecursos forestales _xNicaragua. _995058 |
| 650 | 1 | 4 |
_aRecursos naturales _xNicaragua. _995301 |
| 830 | 0 |
_aFAO/SF: 49/NIC-2 _939733 |
|
| 901 | _aBK | ||
| 942 | _cLIBRO | ||
| 949 |
_a338.17 F36 _bBC _cFAO _d-96955 _eFAO1 _fv.1 _h43347 _i42141 _si |
||
| 949 |
_a338.17 F36 _bBC _cFAO _d-96956 _eFAO1 _fv.2 _h37978 _i42141 _si |
||
| 949 |
_a338.17 F36 _bBC _cFAO _d-96957 _eFAO1 _fv.3 _h37980 _i42141 _si |
||
| 949 |
_a338.17 F36 _bBC _cFAO _d-96958 _eFAO1 _fapénd. _h37980 _i42141 _si |
||
| 999 |
_c37049 _d37049 |
||